[Event "Wch Seniors 50 31st"]
[Site "Terassini"]
[Date "2023.11.02"]
[Round "8"]
[White "Paschall, William M"]
[Black "Mantovani, Renzo"]
[Result "1-0"]
[WhiteElo "2329"]
[BlackElo "2236"]
[PlyCount "59"]
[EventDate "2023.10.25"]
[EventType "swiss"]
[EventRounds "11"]
[EventCountry "ITA"]
[SourceTitle "Mega2024 Update 01"]
[Source "Chessbase"]
[SourceDate "2023.11.12"]
[SourceVersion "1"]
[SourceVersionDate "2023.11.12"]
[SourceQuality "1"]

1. Nf3 Nf6 2. c4 c5 3. Nc3 Nc6 4. e3 e6 5. d4 d5 6. cxd5 exd5 7. Bb5 Bd6 8. dxc5 Bxc5 9. 0-0 0-0 10. b3 a6 11. Bxc6 bxc6 12. Bb2 Bg4 13. Ne2 Bxf3 14. gxf3 Qd6 15. Kh1 Ba3 16. Bc3 Bb4 17. Bd4 Bc5 18. Rc1 Bxd4 19. Qxd4 Rfc8 20. Rg1 c5 21. Qh4 g6 22. Rcd1 Rab8 23. Nf4 Rb4 24. Qg5 Qc6 25. Nxd5 Nxd5 26. Rxd5 f6 27. Qf5 c4 28. Rd7 Kf8 29. Qh3 cxb3 30. Rxh7 1-0

[Event "Wch Seniors 50 31st"]
[Site "Terassini"]
[Date "2023.11.01"]
[Round "7"]
[White "Mantovani, Renzo"]
[Black "Morin, Yves"]
[Result "1-0"]
[WhiteElo "2236"]
[BlackElo "2169"]
[PlyCount "71"]
[EventDate "2023.10.25"]
[EventType "swiss"]
[EventRounds "11"]
[EventCountry "ITA"]
[SourceTitle "Mega2024 Update 01"]
[Source "Chessbase"]
[SourceDate "2023.11.12"]
[SourceVersion "1"]
[SourceVersionDate "2023.11.12"]
[SourceQuality "1"]

1. Nf3 d6 2. d4 Bg4 3. e4 Nd7 4. h3 Bh5 5. Be3 e6 6. c4 c6 7. Nc3 Ngf6 8. Bd3 e5 9. g4 Bg6 10. Qb3 Qc7 11. 0-0-0 Be7 12. Kb1 exd4 13. Nxd4 Nc5 14. Qc2 Nxd3 15. Qxd3 a6 16. f4 h6 17. f5 Bh7 18. Bf4 Nd7 19. Qg3 Ne5 20. c5 g5 21. fxg6 Bxg6 22. Rhe1 0-0-0 23. cxd6 Bxd6 24. Nf5 Bxf5 25. exf5 f6 26. Ne4 Be7 27. Rxd8+ Qxd8 28. Nxf6 Bxf6 29. Bxe5 Bh4 30. Qb3 Re8 31. Rd1 Qe7 32. Bf4 Qe4+ 33. Qd3 Bg5 34. Qxe4 Rxe4 35. Bxg5 hxg5 36. Rd6 1-0

[Event "SUI-chT"]
[Site "Switzerland"]
[Date "2023.05.13"]
[Round "3.3"]
[White "Mantovani, Renzo"]
[Black "Heimann, Andreas"]
[Result "0-1"]
[WhiteElo "2240"]
[BlackElo "2561"]
[PlyCount "114"]
[EventDate "2023.04.16"]
[EventType "team-tourn"]
[EventRounds "9"]
[EventCountry "SUI"]
[SourceTitle "EXT 2024"]
[Source "ChessBase"]
[SourceDate "2023.10.10"]
[SourceVersion "1"]
[SourceVersionDate "2023.10.10"]
[SourceQuality "1"]
[WhiteTeam "Mendrisio"]
[BlackTeam "Riehen"]
[WhiteTeamCountry "SUI"]
[BlackTeamCountry "SUI"]

1. e4 e5 2. Nf3 Nc6 3. Nc3 Nf6 4. Bb5 Bd6 5. 0-0 0-0 6. d3 h6 7. a3 Re8 8. Bc4 Bc5 9. h3 d6 10. Na4 a6 11. Nxc5 dxc5 12. Be3 b6 13. Nd2 Be6 14. f4 exf4 15. Rxf4 Nd7 16. Qh5 Nde5 17. Bxe6 Rxe6 18. Raf1 Qg5 19. Qe2 Qe7 20. Nc4 Nxc4 21. Rxf7 Qxf7 22. Rxf7 Kxf7 23. dxc4 Rae8 24. Qh5+ Ke7 25. Bf4 Kd7 26. Qd5+ Kc8 27. e5 a5 28. c3 Nxe5 29. Bxe5 Rxe5 30. Qa8+ Kd7 31. Qf3 R8e7 32. b4 axb4 33. axb4 Ke6 34. Kh2 Rf5 35. Qd3 Kf6 36. Qd8 Kf7 37. Qc8 Rfe5 38. Qd8 h5 39. Qc8 Kg6 40. Qd8 Rf7 41. h4 Kh7 42. Qd3+ g6 43. Kh3 Kg7 44. Qd2 Rfe7 45. Qd8 Re3+ 46. Kh2 R3e4 47. bxc5 Rxh4+ 48. Kg1 Rhe4 49. cxb6 cxb6 50. Qd5 Rg4 51. c5 bxc5 52. Qxc5 Re2 53. Kf1 Rgxg2 54. Qd4+ Kh7 55. c4 Ref2+ 56. Ke1 Ra2 57. c5 Ra1+ 0-1

[Event "Cannes op 36th"]
[Site "Cannes"]
[Date "2023.02.20"]
[Round "1"]
[White "Mantovani, Renzo"]
[Black "Motylev, Alexander"]
[Result "0-1"]
[WhiteElo "2267"]
[BlackElo "2624"]
[PlyCount "48"]
[EventDate "2023.02.20"]
[EventType "swiss"]
[EventRounds "9"]
[EventCountry "FRA"]
[SourceTitle "CBM 212 Extra"]
[Source "ChessBase"]
[SourceDate "2023.03.31"]
[SourceVersion "1"]
[SourceVersionDate "2023.03.31"]
[SourceQuality "1"]

1. g3 d5 2. Bg2 e5 3. d3 Nc6 4. Nc3 Be6 5. e4 d4 6. Nd5 Nge7 7. Bg5 f6 8. Nxe7 Bxe7 9. Bd2 h5 10. h4 Qd7 11. Bh3 Bxh3 12. Nxh3 0-0-0 13. Qf3 Rdf8 14. 0-0-0 g5 15. hxg5 fxg5 16. Qg2 g4 17. Ng1 Nb4 18. Bxb4 Bxb4 19. a3 Be7 20. f3 Rh6 21. fxg4 Qxg4 22. Qh3 Qxh3 23. Rxh3 Rf2 24. Kb1 Rc6 0-1

[Event "Wch Seniors 50 30th"]
[Site "Assisi"]
[Date "2022.11.26"]
[Round "11"]
[White "Jhunjhnuwala, Krishan"]
[Black "Mantovani, Renzo"]
[Result "0-1"]
[WhiteElo "2326"]
[BlackElo "2246"]
[PlyCount "118"]
[EventDate "2022.11.15"]
[EventType "swiss"]
[EventRounds "11"]
[EventCountry "ITA"]
[SourceTitle "CBM 211 Extra"]
[Source "ChessBase"]
[SourceDate "2023.01.31"]
[SourceVersion "1"]
[SourceVersionDate "2023.01.31"]
[SourceQuality "1"]

1. e4 e5 2. Nf3 Nc6 3. d4 exd4 4. Nxd4 Bc5 5. Nb3 Bb6 6. Nc3 d6 7. a4 a6 8. Nd5 Ba7 9. Qe2 Be6 10. Be3 Bxe3 11. Qxe3 Nf6 12. 0-0-0 0-0 13. Nxf6+ Qxf6 14. Nd4 Rfe8 15. f3 Qe5 16. Nxe6 Qxe6 17. Qc3 Qa2 18. b3 Qa3+ 19. Qb2 Qb4 20. c3 Qa5 21. c4 Re5 22. h4 Qc5 23. Kb1 Qe3 24. h5 h6 25. Be2 Rae8 26. Rd3 Qc5 27. Rd5 Qf2 28. Bd1 Qb6 29. Rd2 Qe3 30. Be2 Nb4 31. Bd1 a5 32. Rh4 Rg5 33. Rh1 b6 34. Rf1 Rxh5 35. g3 Rh3 36. g4 Rg3 37. Qd4 Qxd4 38. Rxd4 Rg2 39. f4 Rg3 40. Bf3 g5 41. e5 dxe5 42. fxe5 Re7 43. Rd8+ Kg7 44. Rd4 Na6 45. Re4 Nc5 46. Re3 Nd7 47. Rfe1 Rxe5 48. Rxe5 Nxe5 49. Rxe5 Rxf3 50. Kc2 Rf4 51. Re7 Rxg4 52. Rxc7 h5 53. c5 bxc5 54. Rxc5 h4 55. Kd3 h3 56. Rc1 f5 57. Rf1 Kf6 58. Rh1 Rh4 59. b4 Rxb4 0-1

[Event "Wch Seniors 50 30th"]
[Site "Assisi"]
[Date "2022.11.19"]
[Round "5"]
[White "Krasenkova, Ilena"]
[Black "Mantovani, Renzo"]
[Result "0-1"]
[WhiteElo "2124"]
[BlackElo "2246"]
[PlyCount "172"]
[EventDate "2022.11.15"]
[EventType "swiss"]
[EventRounds "11"]
[EventCountry "ITA"]
[SourceTitle "CBM 211 Extra"]
[Source "ChessBase"]
[SourceDate "2023.01.31"]
[SourceVersion "1"]
[SourceVersionDate "2023.01.31"]
[SourceQuality "1"]

1. d4 Nf6 2. c4 e6 3. Nc3 d5 4. Nf3 c6 5. e3 Nbd7 6. Qc2 Be7 7. b3 0-0 8. Bd3 dxc4 9. bxc4 c5 10. 0-0 cxd4 11. exd4 b6 12. Rd1 Bb7 13. Qe2 Rc8 14. Bf4 a6 15. a4 Re8 16. Ne5 Bb4 17. Na2 Bf8 18. Rab1 g6 19. a5 Ba8 20. Bg5 Be7 21. axb6 Nxb6 22. c5 Qd5 23. Nf3 Na4 24. Bxa6 Rb8 25. Bb5 Qf5 26. Bxf6 Bxf6 27. Bxe8 Bxf3 28. Qxf3 Qxb1 29. Bxa4 Qxa2 30. Qf4 Rb4 31. Qxf6 Qxa4 32. Rf1 Rxd4 33. c6 Rd1 34. g3 Rxf1+ 35. Kxf1 Qc4+ 36. Ke1 Qxc6 37. h4 Qe4+ 38. Kf1 e5 39. Kg1 Qf5 40. Qd8+ Kg7 41. Qd5 h5 42. Qc5 Qe4 43. Qe7 Qd4 44. Kg2 Qd5+ 45. Kg1 e4 46. Qa7 Qd1+ 47. Kh2 Qf3 48. Qd4+ Qf6 49. Qe3 Qf5 50. Qd4+ f6 51. Qa7+ Kh6 52. Qe3+ g5 53. hxg5+ fxg5 54. Qb6+ Kg7 55. Qa7+ Qf7 56. Qe3 Qf5 57. Qa7+ Kg6 58. Qb6+ Qf6 59. Qe3 Qe6 60. Qc5 h4 61. gxh4 gxh4 62. Qd4 Kf5 63. Qe3 Qd6+ 64. Kg2 Qf4 65. Qc5+ Kg4 66. Qc8+ Qf5 67. Qg8+ Qg5 68. Qb3 Kf4+ 69. Kh2 Qf5 70. Qe3+ Kg4 71. Qa7 Qf4+ 72. Kg1 Kh3 73. Kf1 Qg4 74. Qd4 Qf3 75. Ke1 Kg2 76. Qg7+ Kh1 77. Qg5 h3 78. Qg7 h2 79. Qa1 e3 80. Qb2 Qg2 81. Qe2 Qg1+ 82. Qf1 Qxf1+ 83. Kxf1 e2+ 84. Kxe2 Kg2 85. f4 h1Q 86. Ke3 Kg3 0-1

[Event "Marianske Lazne IM-B1 20th"]
[Site "Marianske Lazne"]
[Date "2022.01.20"]
[Round "7"]
[White "Mantovani, Renzo"]
[Black "Bracker, Arne"]
[Result "0-1"]
[WhiteElo "2272"]
[BlackElo "2228"]
[PlyCount "96"]
[EventDate "2022.01.15"]
[EventType "tourn"]
[EventRounds "9"]
[EventCountry "CZE"]
[SourceTitle "CBM 206 Extra"]
[Source "ChessBase"]
[SourceDate "2022.03.31"]
[SourceVersion "1"]
[SourceVersionDate "2022.03.31"]
[SourceQuality "1"]

1. Nf3 d5 2. g3 Nf6 3. Bg2 e6 4. 0-0 Be7 5. d3 0-0 6. Nbd2 Nc6 7. e4 dxe4 8. dxe4 b6 9. Re1 Bb7 10. c3 Nd7 11. Qc2 Nc5 12. Bf1 a5 13. Nb3 Nxb3 14. axb3 Bc5 15. Bg5 Qe8 16. Bb5 h6 17. Be3 Qe7 18. Rad1 Rfd8 19. Qe2 Rxd1 20. Rxd1 Bxe3 21. Qxe3 Rd8 22. Rxd8+ Qxd8 23. Bxc6 Bxc6 24. Qd2 Qa8 25. Ne5 Bxe4 26. f3 Qd5 27. Qf4 Bf5 28. g4 g5 29. Qe3 Bc2 30. c4 Qd1+ 31. Kf2 Bxb3 32. Kg3 Bc2 33. h4 f6 34. Nd3 gxh4+ 35. Kxh4 Qxd3 36. Qxe6+ Kf8 37. Qxf6+ Ke8 38. Qxh6 Qxf3 39. Qh8+ Qf8 40. Qc3 Qh6+ 41. Kg3 Qd6+ 42. Kf2 Qf4+ 43. Ke1 Be4 44. c5 b5 45. c6 b4 46. Qh8+ Ke7 47. Qd4 Qg3+ 48. Kd2 Qd6 0-1

[Event "Marianske Lazne IM-B1 20th"]
[Site "Marianske Lazne"]
[Date "2022.01.18"]
[Round "5"]
[White "Jurek, Josef"]
[Black "Mantovani, Renzo"]
[Result "1/2-1/2"]
[WhiteElo "2211"]
[BlackElo "2272"]
[PlyCount "31"]
[EventDate "2022.01.15"]
[EventType "tourn"]
[EventRounds "9"]
[EventCountry "CZE"]
[SourceTitle "CBM 206 Extra"]
[Source "ChessBase"]
[SourceDate "2022.03.31"]
[SourceVersion "1"]
[SourceVersionDate "2022.03.31"]
[SourceQuality "1"]

1. Nf3 Nf6 2. c4 c5 3. g3 b6 4. Bg2 Bb7 5. 0-0 e6 6. Nc3 a6 7. b3 Be7 8. d4 cxd4 9. Qxd4 d6 10. Ba3 Nc6 11. Qf4 Qc7 12. Rfd1 Rd8 13. Rac1 Qb8 14. e4 0-0 15. h4 Ba8 16. Qe3 1/2-1/2

[Event "Marianske Lazne IM-B1 20th"]
[Site "Marianske Lazne"]
[Date "2022.01.16"]
[Round "2"]
[White "Mantovani, Renzo"]
[Black "Redzisz, Michal"]
[Result "1/2-1/2"]
[WhiteElo "2272"]
[BlackElo "2213"]
[PlyCount "110"]
[EventDate "2022.01.15"]
[EventType "tourn"]
[EventRounds "9"]
[EventCountry "CZE"]
[SourceTitle "CBM 206 Extra"]
[Source "ChessBase"]
[SourceDate "2022.03.31"]
[SourceVersion "1"]
[SourceVersionDate "2022.03.31"]
[SourceQuality "1"]

1. b3 Nf6 2. Bb2 g6 3. Nf3 Bg7 4. e3 0-0 5. d4 d6 6. Nbd2 Nbd7 7. Nc4 a5 8. a4 c6 9. g3 Qc7 10. Bg2 b5 11. axb5 cxb5 12. Ncd2 b4 13. 0-0 Ba6 14. Re1 Rfc8 15. Qb1 Bb7 16. Rc1 Nd5 17. Ne1 e5 18. dxe5 Bxe5 19. Nc4 Bc3 20. Nd3 a4 21. e4 Bxb2 22. Qxb2 Nc3 23. Re1 a3 24. Qc1 Ba6 25. Nxb4 Bxc4 26. bxc4 Qxc4 27. Nd3 Ne5 28. Nxe5 dxe5 29. Rxa3 Ne2+ 30. Rxe2 Rxa3 31. Bf1 Rc3 32. Qb2 Qd4 33. Qa2 R8c4 34. Kg2 Ra4 35. Qb1 Rca3 36. Re1 Kg7 37. Qb7 Ra1 38. Rxa1 Rxa1 39. Bd3 Qc3 40. Qe7 Qd4 41. h4 h5 42. Qg5 Rd1 43. Kf3 Qc3 44. Qe3 Rg1 45. Qb6 Rc1 46. Qe3 Rg1 47. Qb6 Rc1 48. Qe3 Re1 49. Qb6 Qa1 50. Qc5 Qd1+ 51. Kg2 Rg1+ 52. Kh2 Rh1+ 53. Kg2 Rg1+ 54. Kh2 Rh1+ 55. Kg2 Rg1+ 1/2-1/2

[Event "Marianske Lazne IM-B1 20th"]
[Site "Marianske Lazne"]
[Date "2022.01.15"]
[Round "1"]
[White "Plischki, Sebastian"]
[Black "Mantovani, Renzo"]
[Result "1-0"]
[WhiteElo "2375"]
[BlackElo "2272"]
[PlyCount "69"]
[EventDate "2022.01.15"]
[EventType "tourn"]
[EventRounds "9"]
[EventCountry "CZE"]
[SourceTitle "CBM 206 Extra"]
[Source "ChessBase"]
[SourceDate "2022.03.31"]
[SourceVersion "1"]
[SourceVersionDate "2022.03.31"]
[SourceQuality "1"]

1. d4 d5 2. c4 e6 3. Nc3 a6 4. cxd5 exd5 5. Nf3 c6 6. Qc2 Bd6 7. e4 dxe4 8. Nxe4 Bb4+ 9. Nc3 Nf6 10. Bc4 0-0 11. 0-0 Bg4 12. Qb3 Bxc3 13. bxc3 Bxf3 14. Qxb7 Bd5 15. Bxd5 Nxd5 16. Qxa8 Qb6 17. c4 Nc7 18. c5 Qb4 19. Qa7 Nb5 20. Qb7 Qxd4 21. Be3 Qd7 22. Qxd7 Nxd7 23. Rfd1 Nf6 24. a4 Nc3 25. Rd6 Rc8 26. Rd3 Ncd5 27. Rb1 h6 28. g3 Re8 29. Kf1 Re4 30. Bd4 a5 31. f3 Re8 32. Bxf6 gxf6 33. Kf2 Re5 34. Rb7 Kg7 35. Ra7 1-0

[Event "Wch Seniors 50 29th"]
[Site "Bucharest"]
[Date "2019.11.22"]
[Round "10"]
[White "Mantovani, Renzo"]
[Black "Biro, Sandor"]
[Result "1-0"]
[WhiteElo "2301"]
[BlackElo "2147"]
[PlyCount "65"]
[EventDate "2019.11.12"]
[EventType "swiss"]
[EventRounds "11"]
[EventCountry "ROU"]
[SourceTitle "CBM 193 Extra"]
[Source "ChessBase"]
[SourceDate "2020.01.31"]
[SourceVersion "1"]
[SourceVersionDate "2020.01.31"]
[SourceQuality "1"]

1. c4 e5 2. Nc3 Nf6 3. g3 d5 4. cxd5 Nxd5 5. Nf3 Nc6 6. Nxd5 Qxd5 7. d3 Bg4 8. Bg2 Bb4+ 9. Bd2 Bxd2+ 10. Qxd2 0-0-0 11. 0-0 Bxf3 12. Bxf3 e4 13. Bg2 Rhe8 14. Qc3 Nd4 15. Rfe1 f5 16. Rac1 c6 17. b3 Qf7 18. dxe4 fxe4 19. Qe3 Qh5 20. Bxe4 Rd6 21. Rc4 Qe5 22. f3 Kc7 23. Kf2 Qh5 24. h4 Ne6 25. Qxa7 Qe5 26. Rec1 Nd4 27. e3 Nb5 28. Rxc6+ Kd7 29. Qxb7+ Ke6 30. R1c5 Qxc5 31. Rxc5 Rd2+ 32. Ke1 Red8 33. Qxb5 1-0

[Event "Wch Seniors 50 29th"]
[Site "Bucharest"]
[Date "2019.11.16"]
[Round "5"]
[White "Ivanov, Sergei V"]
[Black "Mantovani, Renzo"]
[Result "0-1"]
[WhiteElo "2138"]
[BlackElo "2301"]
[PlyCount "96"]
[EventDate "2019.11.12"]
[EventType "swiss"]
[EventRounds "11"]
[EventCountry "ROU"]
[SourceTitle "CBM 193 Extra"]
[Source "ChessBase"]
[SourceDate "2020.01.31"]
[SourceVersion "1"]
[SourceVersionDate "2020.01.31"]
[SourceQuality "1"]

1. e4 c5 2. Nf3 e6 3. d4 cxd4 4. Nxd4 Nc6 5. Nc3 d6 6. g3 Nf6 7. Bg2 Bd7 8. 0-0 Be7 9. Be3 Ne5 10. h3 Rc8 11. Nde2 b5 12. a4 a6 13. axb5 axb5 14. b3 b4 15. Na4 Bb5 16. c4 bxc3 17. Naxc3 Bc6 18. f4 Ned7 19. b4 0-0 20. Qd4 e5 21. Qd3 exf4 22. gxf4 Re8 23. Bd4 Bf8 24. Ng3 Nc5 25. Qb1 Ne6 26. Be3 g6 27. Qd3 Bg7 28. Rad1 Ba8 29. Nb5 Rb8 30. Nxd6 Rf8 31. b5 Qe7 32. e5 Ne8 33. Bxa8 Rxa8 34. Nge4 Nxd6 35. Nxd6 Qh4 36. Kh2 Ra4 37. Qb3 Nxf4 38. Bf2 Ra2 39. Qg3 Qxg3+ 40. Kxg3 Bxe5 41. Nc4 Bb8 42. Nd6 Ne6 43. Rd3 Rd8 44. Rfd1 Ng5 45. Kg4 Rxf2 46. Kxg5 Rxd6 47. Rxd6 Rf5+ 48. Kg4 h5+ 0-1

[Event "Wch Seniors 50 29th"]
[Site "Bucharest"]
[Date "2019.11.15"]
[Round "4"]
[White "Mantovani, Renzo"]
[Black "Belmont Hernandez, Andres"]
[Result "1-0"]
[WhiteElo "2301"]
[BlackElo "2066"]
[PlyCount "63"]
[EventDate "2019.11.12"]
[EventType "swiss"]
[EventRounds "11"]
[EventCountry "ROU"]
[SourceTitle "CBM 193 Extra"]
[Source "ChessBase"]
[SourceDate "2020.01.31"]
[SourceVersion "1"]
[SourceVersionDate "2020.01.31"]
[SourceQuality "1"]

1. Nf3 d5 2. c4 Nf6 3. cxd5 Nxd5 4. d4 e6 5. e4 Nb6 6. Nc3 c5 7. Bg5 f6 8. Be3 cxd4 9. Nxd4 Bd7 10. Bb5 Nc6 11. Qb3 Qe7 12. 0-0 Qb4 13. Nxe6 Qxb3 14. axb3 Bxe6 15. Bxb6 Kf7 16. Bc4 Bxc4 17. bxc4 Bb4 18. Be3 Bxc3 19. bxc3 Rhe8 20. Rfb1 Re5 21. Rxb7+ Re7 22. Rb5 Ne5 23. c5 Rc7 24. Ra6 Nd7 25. c6 Nb8 26. Ra1 Rxc6 27. Rb7+ Kg6 28. h4 Rxc3 29. h5+ Kxh5 30. Rxg7 f5 31. g4+ fxg4 32. Rg5+ 1-0

[Event "SUI-chT"]
[Site "Switzerland"]
[Date "2018.09.09"]
[Round "7.4"]
[White "Maier, Christian"]
[Black "Mantovani, Renzo"]
[Result "1-0"]
[WhiteElo "2377"]
[BlackElo "2332"]
[PlyCount "79"]
[EventDate "2018.03.25"]
[EventType "team-tourn"]
[EventRounds "9"]
[EventCountry "SUI"]
[SourceTitle "EXT 2019"]
[Source "ChessBase"]
[SourceDate "2018.10.10"]
[SourceVersion "1"]
[SourceVersionDate "2018.10.10"]
[SourceQuality "1"]
[WhiteTeam "Reti"]
[BlackTeam "Mendrisio"]
[WhiteTeamCountry "SUI"]
[BlackTeamCountry "SUI"]

1. e4 c5 2. Nf3 e6 3. d3 Nc6 4. Nbd2 d6 5. c3 Be7 6. a3 Bf6 7. d4 cxd4 8. cxd4 Nge7 9. Nb3 0-0 10. Be3 b6 11. Bd3 a5 12. 0-0 a4 13. Nc1 Ba6 14. Bxa6 Rxa6 15. Na2 Qd7 16. Nc3 Rfa8 17. Qe2 Nc8 18. d5 Na5 19. dxe6 fxe6 20. e5 dxe5 21. Ne4 Ne7 22. Rad1 Nd5 23. Qd3 Qe7 24. Neg5 Bxg5 25. Nxg5 Nf6 26. Qb5 h6 27. Nf3 e4 28. Nd2 Qe8 29. Qe5 Qc6 30. Qg3 Kh7 31. Bd4 R6a7 32. Rfe1 Rd8 33. Bxf6 gxf6 34. Rc1 Qb5 35. Nxe4 Qxb2 36. Rc3 Rf8 37. Qh4 Rg7 38. Nxf6+ Rxf6 39. Qxf6 Nc4 40. Qd4 1-0

[Event "Wch Seniors 50 27th"]
[Site "Acqui Terme"]
[Date "2017.11.18"]
[Round "11"]
[White "Welling, Gerard J"]
[Black "Mantovani, Renzo"]
[Result "1-0"]
[WhiteElo "2316"]
[BlackElo "2307"]
[PlyCount "63"]
[EventDate "2017.11.07"]
[EventType "swiss"]
[EventRounds "11"]
[EventCountry "ITA"]
[SourceTitle "CBM 181 Extra"]
[Source "ChessBase"]
[SourceDate "2017.12.12"]
[SourceVersion "1"]
[SourceVersionDate "2017.12.12"]
[SourceQuality "1"]

1. e4 d6 2. Nc3 a6 3. a4 c5 4. g3 g6 5. Bg2 Bg7 6. d3 Nf6 7. f4 Nc6 8. Nf3 Rb8 9. 0-0 b5 10. axb5 axb5 11. h3 0-0 12. g4 Ne8 13. Ne2 Nc7 14. f5 b4 15. Qe1 Nb5 16. Qh4 Nbd4 17. Nexd4 Nxd4 18. Nxd4 cxd4 19. Bh6 b3 20. cxb3 Rxb3 21. g5 gxf5 22. exf5 Rxb2 23. Bxg7 Kxg7 24. f6+ exf6 25. gxf6+ Kh8 26. Be4 Rg8+ 27. Kh1 Rg6 28. Ra8 Qc7 29. Rxc8+ Qxc8 30. Bxg6 fxg6 31. f7 Kg7 32. Qxd4+ 1-0

[Event "Wch Seniors 50 27th"]
[Site "Acqui Terme"]
[Date "2017.11.15"]
[Round "8"]
[White "Mantovani, Renzo"]
[Black "Vaglio Munoz, Jaime"]
[Result "1-0"]
[WhiteElo "2307"]
[BlackElo "2170"]
[PlyCount "59"]
[EventDate "2017.11.07"]
[EventType "swiss"]
[EventRounds "11"]
[EventCountry "ITA"]
[SourceTitle "CBM 181 Extra"]
[Source "ChessBase"]
[SourceDate "2017.12.12"]
[SourceVersion "1"]
[SourceVersionDate "2017.12.12"]
[SourceQuality "1"]

1. d4 c6 2. e4 Qa5+ 3. c3 d5 4. exd5 Qxd5 5. Nf3 Nf6 6. Nbd2 Bg4 7. Bc4 Bxf3 8. Qb3 Qd6 9. Nxf3 Nd5 10. Qxb7 Nb6 11. Ne5 f6 12. Nf7 Qd7 13. Qxd7+ Kxd7 14. Bb3 Rg8 15. Ne5+ fxe5 16. Bxg8 exd4 17. cxd4 h6 18. 0-0 Na6 19. Bf4 e6 20. Rfe1 Re8 21. Bf7 Re7 22. Bg6 Nd5 23. Be5 Nac7 24. Rac1 a5 25. Rc5 Re8 26. Bxe8+ Nxe8 27. Rxa5 Ndc7 28. Ra7 c5 29. dxc5 Bxc5 30. Rxc7+ 1-0

[Event "Wch Seniors 50 27th"]
[Site "Acqui Terme"]
[Date "2017.11.10"]
[Round "4"]
[White "Mantovani, Renzo"]
[Black "Grant, Jonathan"]
[Result "1/2-1/2"]
[WhiteElo "2307"]
[BlackElo "2179"]
[PlyCount "116"]
[EventDate "2017.11.07"]
[EventType "swiss"]
[EventRounds "11"]
[EventCountry "ITA"]
[SourceTitle "CBM 181 Extra"]
[Source "ChessBase"]
[SourceDate "2017.12.12"]
[SourceVersion "1"]
[SourceVersionDate "2017.12.12"]
[SourceQuality "1"]

1. d4 Nf6 2. c4 e6 3. Nf3 Bb4+ 4. Bd2 a5 5. g3 b6 6. Bg2 Ba6 7. Qc2 d5 8. Ne5 0-0 9. 0-0 Ra7 10. Rd1 Bb7 11. cxd5 exd5 12. Nc3 c6 13. Rac1 h6 14. Bf4 Re8 15. Bf3 Nbd7 16. a3 Bf8 17. h4 Nxe5 18. Bxe5 Bd6 19. Bxd6 Qxd6 20. e3 Raa8 21. Kg2 Re7 22. Na4 Qd8 23. Qb3 b5 24. Nc5 a4 25. Nxb7 Rxb7 26. Qb4 Ra6 27. Rd2 Qe7 28. Qxe7 Rxe7 29. Rdc2 Re6 30. Kf1 h5 31. Ke2 g6 32. Kd3 Kf8 33. Bg2 Ke7 34. Bh3 Ng4 35. Bxg4 hxg4 36. Rf1 Ra8 37. f3 gxf3 38. Rxf3 Rh8 39. Rf4 f5 40. Rh2 Re4 41. Rxe4+ dxe4+ 42. Kc3 Kd6 43. Rf2 Rh7 44. Kb4 Rh8 45. Rc2 g5 46. Rc5 gxh4 47. gxh4 Rxh4 48. Rxf5 Rh2 49. Rf6+ Kc7 50. b3 axb3 51. Kxb3 Re2 52. Re6 Rxe3+ 53. Kb4 Kd7 54. Re5 Re1 55. a4 e3 56. axb5 e2 57. bxc6+ Kxc6 58. Kc3 Rc1+ 1/2-1/2

[Event "Porto Mannu op 9th"]
[Site "Porto Mannu"]
[Date "2017.06.07"]
[Round "6"]
[White "Santeramo, Alessia Carmen"]
[Black "Mantovani, Renzo"]
[Result "0-1"]
[WhiteElo "2043"]
[BlackElo "2319"]
[PlyCount "96"]
[EventDate "2017.06.03"]
[EventType "swiss"]
[EventRounds "9"]
[EventCountry "ITA"]
[SourceTitle "CBM 178 Extra"]
[Source "ChessBase"]
[SourceDate "2017.06.22"]
[SourceVersion "1"]
[SourceVersionDate "2017.06.22"]
[SourceQuality "1"]

1. e4 c5 2. Nf3 e6 3. b3 b6 4. Bd3 Nf6 5. 0-0 d6 6. Re1 Be7 7. Bb2 0-0 8. c3 Nc6 9. Bb5 Bd7 10. Na3 Ne5 11. Bxd7 Qxd7 12. Nxe5 dxe5 13. Nc4 Qc7 14. Qf3 b5 15. Na3 a6 16. d3 Rfd8 17. Rad1 Rd7 18. Rd2 Rad8 19. Red1 h6 20. Qe2 Nh7 21. Nc2 Bg5 22. Ne3 g6 23. d4 Nf6 24. f3 cxd4 25. cxd4 Qb6 26. h4 Bf4 27. g3 Bxg3 28. dxe5 Rxd2 29. Rxd2 Rxd2 30. Qxd2 Nh5 31. Qd4 Qa5 32. Qc3 Qd8 33. Qd4 Qxh4 34. Ng4 Bf4 35. Qf2 Qxf2+ 36. Kxf2 Bg5 37. Bd4 Kg7 38. a4 Nf4 39. Bb6 h5 40. Nh2 Nd3+ 41. Kg2 Bf4 42. Bd4 g5 43. Nf1 Kg6 44. Bc3 Nc5 45. axb5 axb5 46. Bd2 Nxb3 47. Bxf4 gxf4 48. Kh3 b4 0-1

[Event "Porto Mannu op 9th"]
[Site "Porto Mannu"]
[Date "2017.06.05"]
[Round "3"]
[White "Mantovani, Renzo"]
[Black "Cleve Prinz, Wolfgang"]
[Result "1-0"]
[WhiteElo "2319"]
[BlackElo "1938"]
[PlyCount "101"]
[EventDate "2017.06.03"]
[EventType "swiss"]
[EventRounds "9"]
[EventCountry "ITA"]
[SourceTitle "CBM 178 Extra"]
[Source "ChessBase"]
[SourceDate "2017.06.22"]
[SourceVersion "1"]
[SourceVersionDate "2017.06.22"]
[SourceQuality "1"]

1. c4 c5 2. Nf3 g6 3. g3 Bg7 4. Bg2 e6 5. Nc3 Ne7 6. d4 cxd4 7. Nxd4 a6 8. 0-0 Nbc6 9. Be3 0-0 10. Rc1 Qa5 11. Qd2 d5 12. Nxc6 Nxc6 13. cxd5 exd5 14. Qxd5 Be6 15. Qxa5 Nxa5 16. b3 Rac8 17. Ne4 Bb2 18. Rxc8 Rxc8 19. Bb6 Nc6 20. Nd6 Rf8 21. Nxb7 Bd4 22. Bc5 Bxc5 23. Nxc5 Nd4 24. Re1 Bc8 25. e3 Nc2 26. Rc1 Na3 27. b4 Rd8 28. Bf1 Rd2 29. Ne4 Rc2 30. Rxc2 Nxc2 31. b5 axb5 32. Bxb5 Na3 33. Ba4 Kg7 34. Bb3 f5 35. Nd6 Ba6 36. f4 Kf6 37. Kf2 Ke7 38. Nf7 Nc4 39. Ne5 Nd2 40. Bg8 Ne4+ 41. Ke1 Nf6 42. Bb3 Kd6 43. h3 Bc8 44. Bc2 Kd5 45. Kd2 Ba6 46. g4 Ne4+ 47. Bxe4+ fxe4 48. g5 Bc8 49. Ng4 Kc4 50. Nf6 Bxh3 51. Nxe4 1-0